| 000 | 02188cas a2200529 a 4500 | ||
|---|---|---|---|
| 999 |
_c3126 _d3126 |
||
| 001 | 13029995 | ||
| 003 | GZU | ||
| 005 | 20201118091451.0 | ||
| 008 | 021213c20019999ctugr 0 a0eng c | ||
| 010 | _a 2001213486 | ||
| 022 | 0 |
_a1536-3317 _l1536-3317 _21 |
|
| 035 | _a(OCoLC)ocm47692070 | ||
| 037 |
_bDushkin/McGraw-Hill, 530 Old Whitfield St., Guilford, CT 06437 _c$15.50 |
||
| 040 |
_aNSD _beng _cNSD _dDLC _dWAU _dDLC _dIUL _dOCLCQ _dDLC _dOCLCQ _dOCLCF _dYDX |
||
| 042 |
_ansdp _apcc |
||
| 050 | 0 | 0 |
_aD860 _b.T356 |
| 050 | 1 | 4 |
_aJZ1318 _b.T353 |
| 082 | 1 | 0 |
_a303 _213 |
| 210 | 0 | _aTak. sides, Clashing views controv. glob. issues | |
| 222 | 0 | _aTaking sides. Clashing views on controversial global issues | |
| 245 | 0 | 0 |
_aTaking sides. _pClashing views on global issues. |
| 246 | 3 | 0 | _aClashing views on global issues |
| 246 | 1 |
_iIssues for <6th ed. (2007)- have title: _aTaking sides. Clashing views on global issues |
|
| 260 |
_aNew York. : _bMcGraw-Hill, _c2007- |
||
| 300 |
_avi, 392p ; _c24 cm. |
||
| 310 | _aBiennial | ||
| 362 | 0 | _a1st ed. (2001)- | |
| 500 | _aPublished : McGraw-Hill/Dushkin, 2007- | ||
| 500 | _aSelected, edited, and with introductions by: James E. Harf and Mark Owen Lombardi. | ||
| 588 | _aLatest issue consulted: 3rd ed. (2005). | ||
| 650 | 0 |
_aGlobalization _vPeriodicals. |
|
| 650 | 0 |
_aInternational relations _vPeriodicals. |
|
| 650 | 0 |
_aPopulation _vPeriodicals. |
|
| 650 | 7 |
_aGlobalization. _2fast _0(OCoLC)fst00943532 |
|
| 650 | 7 |
_aInternational relations. _2fast _0(OCoLC)fst00977053 |
|
| 650 | 7 |
_aPopulation. _2fast _0(OCoLC)fst01071476 |
|
| 655 | 7 |
_aPeriodicals. _2fast _0(OCoLC)fst01411641 |
|
| 700 | 1 | _aHarf, James E. | |
| 700 | 1 | _aLombardi, Mark Owen. | |
| 776 | 0 | 8 |
_iOnline version: _tTaking sides. Clashing views on global issues _w(OCoLC)762058620 |
| 906 |
_a7 _bcbc _cserials _d2 _encip _f20 _gn-oclcserc |
||
| 942 |
_2lcc _cBK _e5th ed. _h1318 _iTAK _kJZ _m2007 |
||